Scarlet a Ivy. Ztracené dvojče /
Úvodní díl napínavé série odehrávající se ve velmi podivné internátní škole.
Uloženo v:
| Série: | Scarlet a Ivy,
část 1 |
|---|---|
| Hlavní autor: | |
| Další autoři: | |
| Médium: | E-kniha |
| Jazyk: | Czech |
| Vydáno: |
Praha :
Dobrovský s.r.o.,
2022
|
| Edice: | Drobek
|
| Témata: | |
| On-line přístup: | https://www.bookport.cz/kniha/ztracene-dvojce-11887/ |
| Příbuzné jednotky: | Z cyklu::
Scarlet a Ivy |
| Tagy: |
Žádné tagy |
| LEADER | 02637nam a2200517 i 4500 | ||
|---|---|---|---|
| 001 | 311771 | ||
| 003 | CZ PrSKC | ||
| 005 | 20260601215711.0 | ||
| 007 | ta | ||
| 008 | 221108s2022 xr a c 000 f cze | ||
| 015 | |a cnb003471096 | ||
| 020 | |a 9788027710454 |q (vázáno) | ||
| 035 | |a (OCoLC)1378696150 | ||
| 040 | |a ABG001 |b cze |d ABA001 |e rda | ||
| 041 | 1 | |a cze |h eng | |
| 072 | 7 | |a 821.111-3 |x Anglická próza, anglicky psaná |2 Konspekt | |
| 072 | 7 | |a 821-93 |x Literatura pro děti a mládež (beletrie) |2 Konspekt | |
| 080 | |a 821.111-31 |2 MRF | ||
| 080 | |a 821-93 |2 MRF | ||
| 080 | |a (0:82-312.4) |2 MRF | ||
| 100 | 1 | |a Cleverly, Sophie, |d 1989- |7 xx0203927 |4 aut | |
| 240 | 1 | 0 | |a Lost twin. |l Česky |
| 245 | 1 | 0 | |a Scarlet a Ivy. |p Ztracené dvojče / |c Sophie Cleverly ; z anglického originálu Scarlet and Ivy - The lost twin přeložila Kateřina Kaderková |
| 246 | 3 | 0 | |a Ztracené dvojče |
| 264 | 1 | |a Praha : |b Dobrovský s.r.o., |c 2022 | |
| 300 | |a 305 stran : |b ilustrace ; |c 21 cm | ||
| 336 | |a text |b txt |2 rdacontent | ||
| 337 | |a bez média |b n |2 rdamedia | ||
| 338 | |a svazek |b nc |2 rdacarrier | ||
| 490 | 1 | |a Drobek | |
| 520 | 2 | |a Úvodní díl napínavé série odehrávající se ve velmi podivné internátní škole. |b Když problémová Scarlet zmizí z Vraniborské internátní školy, Ivy, její nesmělé dvojče, je vyzvána, aby „nastoupila na její místo“. Jakmile ale dorazí, dozví se, o co škole doopravdy jde - musí předstírat, že je Scarlet. Musí myslet jako Scarlet, chovat se jako Scarlet, stát se Scarlet. Ale co se stalo se skutečnou Scarlet? A proč se to škola snaží utajit? Nakladatelská anotace. Kráceno. | |
| 655 | 7 | |a anglické romány |7 fd131814 |2 czenas | |
| 655 | 7 | |a detektivní romány |7 fd132010 |2 czenas | |
| 655 | 7 | |a publikace pro děti |7 fd133156 |2 czenas | |
| 655 | 9 | |a English fiction |2 eczenas | |
| 655 | 9 | |a detective novels |2 eczenas | |
| 655 | 9 | |a children's literature |2 eczenas | |
| 700 | 1 | |a Kaderková, Kateřina |7 xx0274952 |4 trl | |
| 787 | 0 | 8 | |i Z cyklu: |t Scarlet a Ivy |g 1 |
| 830 | 0 | |a Drobek | |
| 856 | 4 | 1 | |u https://www.bookport.cz/kniha/ztracene-dvojce-11887/ |4 N |
| 900 | |a ABA001 |b 20 | ||
| 044 | |a xr | ||
| 910 | |a RBIT002 | ||
| 998 | |d 364528 |a https://core.palmknihy.cz/api/books/364528/cover?rlsoag |b https://core.palmknihy.cz/api/books/364528/cover/400?rlsoag |c https://core.palmknihy.cz/api/books/364528/cover/50?rlsoag |e 2027-01-04 |g 312 |i 9788027710454 |j https://core.palmknihy.cz/api/books/364528/preview.epub |k https://core.palmknihy.cz/api/books/364528/preview.pdf |l |q 49 |r 1 |s https://www.palmknihy.cz/kniha/364528 |t ebook |y 2022 |z 0 |v Scarlet a Ivy |w 1 | ||
| 999 | |d 311769 | ||